LEADER 01761nam a2200337 4500 001 000000351553 003 CaOOAMICUS 005 20221019142429.0 008 220914s2020 it 000 u ita r 020 $a978-88-6558-390-6 040 $aSeMil$bita 100 1 $aGatti, Sergio.$0(OLS)http://semarc/name/47116 245 10$aIncivilire la finanza :$buna bussola per leggere una forma di "amore intelligente". Dalla Caritas in veritate di Benedetto 16. alla Laudato si' di Francesco /$cSergio Gatti, Stefano Zamagni. 264 1$aRoma :$bECRA,$cstampa 2020. 300 $a129 p. ;$c24 cm 490 1 $aEconomia civile 541 0 $aOmaggio mons. Mario Delpini (3M IV 300) 650 4$aBenedetto XVI - Encicliche . Caritas in veritate.$0(OLS)http://semarc/subject/31201 650 4$aFrancesco I - Encicliche . Laudato si'.$0(OLS)http://semarc/subject/15910 650 4$aSostenibilità.$0(OLS)http://semarc/subject/52507 650 4$aEconomia - Aspetti religiosi - Cristianesimo.$0(OLS)http://semarc/subject/22625 700 1 $aZamagni, Stefano,$d<1943- >.$0(OLS)http://semarc/name/18841 830 0$aEconomia civile.$0(OLS)http://semarc/title/441348 850 $aSeMil 852 $aSeMil$W1$xVenegono$y1$m3M IV 300$j234886$B242750$CSeMilBibl$Z2$F242750 $81 941 1 $a7 961 $aOmaggio mons. Mario Delpini 996 $6020$a978-88-6558-390-6$9(OLS)http://semarc/number/296684 996 $6245$aIncivilire la finanza :$buna bussola per leggere una forma di "amore intelligente". Dalla Caritas in veritate di Benedetto 16. alla Laudato si' di Francesco$9(OLS)http://semarc/title/441347 996 $6264$aRoma :$bECRA$9(OLS)http://semarc/publisher/33150 LEADER 00795nam a2200229 i 4500 001 000000099568 003 CaOOAMICUS 005 20031028000000.0 008 031028s2003 fr u000 u mul u 013 $a71720 020 $a2-204-07252-4 040 $aSeMil$bita 245 10$aChapitres 10.-16. 300 $a417 p. 490 0 $aSources Chrétiennes ;$v474 773 0 $tApophtegmes des Pères.$dParis : Les Éditions du Cerf, 1993.$w()10330 830 0$aSources chrétiennes ;$v474.$0(OLS)http://semarc/title/72 850 $aSeMil 852 $aSeMil$W1$xVenegono$y1$mSL1.T IX 474$j57016$B57016$CSeMilBibl$Z2$F67079 $8I 961 $aSottoscrizione: SODIS 996 $6020$a2-204-07252-4$9(OLS)http://semarc/number/79654 996 $6245$aChapitres 10.-16$9(OLS)http://semarc/title/147056